Γλώσσα και ζωή : αναλυτική μελέτη του γλωσσικού ζητήματος

Αποθηκεύτηκε σε:
Λεπτομέρειες βιβλιογραφικής εγγραφής
Κύριος συγγραφέας: Γιανίδης, Ελισαίος, 1865-1942
Μορφή: Βιβλίο
Γλώσσα:Greek
Δημοσίευση: Αθήνα : Κάλβος, 1974.
Θέματα:
Ετικέτες: Προσθήκη ετικέτας
Δεν υπάρχουν, Καταχωρήστε ετικέτα πρώτοι!

MARC

LEADER 00000cam a2200000 i 4500
001 1/12764
008 931006s1974 gr |||| |||| ||gre||
035 |a 1989  |b 2  |c Δωρεά  |l 10018753 
040 |a GR-MY-UA  |b gre  |e aacr 
041 0 |a gre 
082 7 |a 489.301  
100 1 |a Γιανίδης, Ελισαίος,   |d 1865-1942. 
245 1 0 |a Γλώσσα και ζωή :   |b αναλυτική μελέτη του γλωσσικού ζητήματος /   |c Ελισαίου Γιανίδη.  
260 |a Αθήνα :   |b Κάλβος,   |c 1974.  
300 |a 247 σ. ;   |c 18 εκ.  
650 0 0 |a Greek language, Modern  |x Social aspects  |z Greece. 
650 0 0 |a Greek language, Modern  |x Philosophy. 
852 |a INST  |b LESVOS  |e 19990610  |h 489.301 ΓΙΑ  |p 005100022670  |q 005100022670  |t BK  |y 0 
852 |a INST  |b RHODES  |e 19931006  |h 489.301 ΓΙΑ  |p 005400003274  |q 005400003274  |t BK  |y 0 
852 |a INST  |b RHODES  |e 20170627  |h 489.301 ΓΙΑ  |p 005400039345  |q 005400039345  |t BK  |y 0 
909 |a Ρ  |b 014839  |c 1989 
909 |a Λ  |b 066314 
922 |a 1ΕΛΗ  |b 199906  |c ΚΠΣ/ΔΕΛΒΕΡΟΥΔΗ  |d EMVASIS 
950 |a 140/1996-02-06